Statistiken für Sternzeichen zuordnen

Klicken Sie hier um das Quiz zu spielen!

Allgemein

  • Dieses Quiz wurde 355 mal gespielt
  • Das Durchschnittsergebnis liegt bei 7 aus 12

Antwortstatistiken

HintAntwort% Korrekt
Barack Obama (4. August 1961)Löwe
69%
Astrid Lindgren (14. November 1907)Skorpion
66%
Barbara Schöneberger (5. März 1974)Fische
64%
Günther Jauch (13. Juli 1956)Krebs
63%
Justin Timberlake (31. Januar 1981)Wassermann
63%
Toni Kroos (4. Januar 1990)Steinbock
61%
Annalena Baerbock (15. Dezember 1980)Schütze
60%
Herbert Grönemeyer (12. April 1956)Widder
57%
Udo Lindenberg (17. Mai 1946)Stier
55%
Margaret Thatcher (13. Oktober 1925)Waage
55%
Olaf Scholz (14. Juni 1958)Zwillinge
54%
Johann Wolfgang von Goethe (28. August 1749)Jungfrau
53%

Verteilung der Resultate

Perzentil nach korrekt beantworteten Fragen

Anzahl Personen mit jedem Resultat

Ihre Resultats-Entwicklung

Sie haben dieses Quiz noch nicht gespielt